000 00524nam a22001817a 4500
999 _c192034
_d192034
005 20220909113404.0
010 _aENG-134990
020 _c500.00
035 _aEN-118522
037 _bDBAD/PUB
082 _a954.0532092
100 _aAhuja, Manish
245 _aNarendra Modi/
_cManish Ahuja
260 _aGuwahati
_bMatri Publisher & Distributor
_c2015
270 _aOpp. Brahaputra Jute Mill, A.K. Azad Road
_bGuwahati
300 _a224pp.
_c21cm(hbk)
_bindex
942 _2ddc
_cEN
_h954.0532092
_mAHU